00336nam a22000977a 4500082001200000245008900012260004800101300000900149490005600158700002400214 a547 INU aTechnique of Organic Chemistry: Inverstigation of Rates and Mechanisms of Reactions/ aLondon:bInterscien Publishers IINC,c1961. a72p; aTechnique of Organic Chemistry Volume VIII- Part 1 aEditor: Friess,S.L.